Soldiers role in national integration : (Record no. 124200)

MARC details
000 -LEADER
fixed length control field 00772nam a22002297a 4500
005 - DATE AND TIME OF LATEST TRANSACTION
control field 20170124105936.0
010 ## - LIBRARY OF CONGRESS CONTROL NUMBER
LC control number A-294613
020 ## - INTERNATIONAL STANDARD BOOK NUMBER
Terms of availability 00.00
International Standard Book Number 8170620104
035 ## - SYSTEM CONTROL NUMBER
System control number A-294613
037 ## - SOURCE OF ACQUISITION
Source of stock number/acquisition Cen Lib/Ret
040 ## - CATALOGING SOURCE
Original cataloging agency DPL
Language of cataloging EN
082 ## - DEWEY DECIMAL CLASSIFICATION NUMBER
Classification number 355.0954
Item number CHI
100 ## - MAIN ENTRY--PERSONAL NAME
Personal name Chibber, M.L.
9 (RLIN) 9767
245 ## - TITLE STATEMENT
Title Soldiers role in national integration :
Statement of responsibility, etc by M.L. Chibber
Remainder of title with special reference to Jammu & Kashmir /
260 ## - PUBLICATION, DISTRIBUTION, ETC. (IMPRINT)
Place of publication, distribution, etc New Delhi
Name of publisher, distributor, etc Lancer International
Date of publication, distribution, etc 1986
270 ## - ADDRESS
Address Post Box 3802
City New Delhi
Postal code 110049
300 ## - PHYSICAL DESCRIPTION
Extent 238p. :
Dimensions 21cm(Hb)_
Other physical details ill.
500 ## - GENERAL NOTE
General note Includes bibliographical references and index.
650 ## - SUBJECT ADDED ENTRY--TOPICAL TERM
Topical term or geographic name as entry element Social history
9 (RLIN) 7270
650 ## - SUBJECT ADDED ENTRY--TOPICAL TERM
Topical term or geographic name as entry element Social integration--Political aspects
9 (RLIN) 9768
942 ## - ADDED ENTRY ELEMENTS (KOHA)
Source of classification or shelving scheme Dewey Decimal Classification
Koha item type English Books
Classification part 355.0954
Call number suffix CHI
Holdings
Withdrawn status Lost status Damaged status Not for loan Home library Current library Date acquired Source of acquisition Cost, normal purchase price Total Checkouts Full call number Barcode Date last seen Copy number Cost, replacement price Price effective from Koha item type
        Central Library Central Library 15/06/2015 Cen Lib/Ret 0.00   355.0954 CHI A-294613 15/06/2015 1 0.00 15/06/2015 English Books

© Delhi Public Library
Hit Counter
free hit counter